000 00570nam a2200181Ia 4500
999 _c32632
_d32632
003 OSt
005 20201013100229.0
008 190216s9999||||xx |||||||||||||| ||und||
020 _a9788178792767
040 _coclc
082 _a796.0727
_bSHA/F
100 _aShaw, Dhananjoy
_95626
245 0 _aFundamental Statistics In Physical Education And Sports Sciences /
_cDhananjoy Shaw
260 _bSports Publication,
_c2009.
_aNew Delhi:
300 _a218p
650 _aPhysical Education
942 _cBK
_2ddc
_h796.0727
_iSHA/F
_k796.0727
_mSHA/F